Variaciones morfoanatómicas del sistema reproductor de tricládidos (Platyhelminthes : Seriata), derivados del uso de distintas técnicas de fijación /
Guardado en:
| Autor Principal: | |
|---|---|
| Autor Corporativo: | |
| Otros Autores: | , |
| Formato: | Manuscrito |
| Idioma: | Spanish |
| Publicado: |
2010.
|
| Materias: | |
| Etiquetas: |
Agregar Etiqueta
Sin Etiquetas, Sea el primero en etiquetar este registro!
|
| LEADER | 01465ntm a22003015a 4500 | ||
|---|---|---|---|
| 001 | EUN.eunm003609 | ||
| 008 | 110705s2010####ag#a#####b####000#0#spa#d | ||
| 005 | 20260415092414.0 | ||
| 245 | 1 | 0 | |a Variaciones morfoanatómicas del sistema reproductor de tricládidos (Platyhelminthes : Seriata), derivados del uso de distintas técnicas de fijación / |c Santiago José Navallas ; directora: Verónica Natalia Bulnes ; co-director: Nestor J. Cazzaniga. |
| 260 | |c 2010. | ||
| 300 | |a ii, 39 h. : |b il. ; |c 30 cm. | ||
| 500 | |a "Tesis presentada como requisito parcial para obtener el grado de Licenciado en Ciencias Biológicas". | ||
| 502 | |a Tesina (licenciatura)--Universidad Nacional del Sur. Departamento de Biología, Bioquímica y Farmacia, 2010. | ||
| 504 | |a Incluye referencias bibliográficas. | ||
| 100 | 1 | |a Navallas, Santiago José. | |
| 700 | 1 | |a Bulnes, Verónica Natalia, |e dir. de tesina. | |
| 700 | 1 | |a Cazzaniga, Néstor J. |q (Néstor Jorge), |e co-dir. de tesina. | |
| 710 | 2 | |a Universidad Nacional del Sur. |b Departamento de Biología, Bioquímica y Farmacia. | |
| 082 | 0 | 4 | |a 595.12 |2 15 |
| 650 | 7 | |a Zoología. |2 unbist | |
| 650 | 7 | |a Plathelminthes. |2 Icyt | |
| 650 | 7 | |a Turbellaria. |2 Icyt | |
| 650 | 7 | |a Aparato reproductor. |2 Icyt | |
| 650 | 7 | |a Reproducción. |2 Icyt | |
| 651 | 0 | |a Bahía Blanca (Argentina) | |
| 653 | |a Tesinas | ||
| 653 | |a Arroyo Napostá Grande (Buenos Aires, Argentina) | ||
| 859 | |a AR-BaUNS |b BIB. CENTRAL - Sector A |h 595.12 |i N227 |p 122303/011 | ||
